Complex variables and applications (Record no. 30481)

MARC details
000 -LEADER
fixed length control field 00302nam a2200121Ia 4500
082 ## - DEWEY DECIMAL CLASSIFICATION NUMBER
Classification number 517.55
Item number CHU
100 ## - MAIN ENTRY--AUTHOR NAME
Personal name CHURCHILL, Ruel V
245 #0 - TITLE STATEMENT
Title Complex variables and applications
250 ## - EDITION STATEMENT
Edition statement Ed.3
260 ## - PUBLICATION, DISTRIBUTION, ETC. (IMPRINT)
Place of publication Tokyo
Name of publisher McGraw Hill
Year of publication 1974
942 ## - ADDED ENTRY ELEMENTS (KOHA)
Koha item type Books
Holdings
Withdrawn status Lost status Damaged status Not for loan Home library Current library Date acquired Full call number Accession Number Koha item type
        RRII Library RRII Library 16/12/2021 517.55 CHU 11053 Books